000 00829nam a2200265 i 4500
003 DO-SdBNP
005 20240613155114.0
006 a||||gr|||| 00| 0
007 ta
008 240613e2023 dr ||||| |||| 00| 0 pa d
020 _a9879945187076
040 _aDO-SdBNP
_bspa
_cBNPHU
_erda
082 4 _222
_bC436
100 1 _aChalas, Juan Miguel
_eautor
_985662
245 1 0 _aCuando Dios decide callar /
_cJuan Miguel Chalas.
264 _a[no identificado] :
_bPublicaciones Libertad,
_c2023
300 _a76 páginas ;
_c21 cm.
336 _2rdacontent
_atexto
_btxt
337 _2rdamedia
_asin mediación
_bn
338 _2rdacarrier
_avolumen
_bnc
500 _aIncluye datos biográficos del autor en el contracubierta.
504 _aBibliografía: página 76.
590 _aInventariado 2024 / MF
942 _2ddc
_cLBS1
999 _c56853
_d56853